| 000 | 00452nam a2200157 i 4500 | ||
|---|---|---|---|
| 001 | 98666 | ||
| 003 | ES-MaACL | ||
| 005 | 20240511063029.0 | ||
| 007 | t| | ||
| 008 | 051019s1901 sp ||||1| spa d | ||
| 100 | 1 |
_aLorenzo d'Ayot, Manuel, _d-1911 _9125762 |
|
| 245 | 1 | 3 |
_aEl Partido Romerista / _cManuel Lorenzo d'Ayot. |
| 260 |
_aMadrid : _b[s.n.], _c1901 ( _fImprenta EspaƱola) |
||
| 852 |
_aES-MaACL _jT-976-F-1 |
||
| 999 |
_c98666 _d98666 |
||